Biggest American Cities that start with G on a Map - Statistics

General Stats
  • This quiz has been taken 300 times
  • The average score is 7 of 12
Answers on the Map
Answers color-coded by a green-red scale on the quiz's map according to % correct below.
 
Answer Stats
Population City % Correct
299,035 Greensboro
93%
198,917 Grand Rapids
84%
107,395 Green Bay
83%
248,325 Glendale
70%
196,543 Glendale
70%
141,085 Gainesville
68%
267,918 Gilbert
57%
246,018 Garland
55%
108,795 Greeley
38%
114,247 Gresham
38%
196,100 Grand Prairie
35%
171,949 Garden Grove
27%
No matching quizzes found
Score Distribution
Percent of People with Each Score
Percentile by Number Answered
Your Score History
You have not taken this quiz